Mixed Word: Stuck in the Middle 'L' Quiz Stats

 Plays Quiz not verified by Sporcle

Score 0/21 Timer 04:00
0 Plays Today
Scrambled Word Answer % Correct
LOEOOLEO
90.2%
UULULU
90.2%
HAPALALPHA
85.2%
LICCOCOLIC
85.2%
BRUBLBLURB
80.3%
ONNLYNYLON
80.3%
OILWLWWILLOW
80.3%
CELINEDDDECLINED
78.7%
LOPPYPOLYP
77%
RAYLEYYEARLY
72.1%
IBLEEDEDIBLE
70.5%
Scrambled Word Answer % Correct
LOVVERERREVOLVER
65.6%
FOPOLOFORFOOLPROOF
60.7%
GOHORALPHHOLOGRAPH
59%
DILFLLANLANDFILL
59%
*LEARISIISRAELI
57.4%
DUGBLOGGOLDBUG
49.2%
FINKKOLKINFOLK
42.6%
MILIMFORCMICROFILM
29.5%
OOULSISNTSOLUTIONS
27.9%
LOTNETARTOLERANT
26.2%

You're not logged in!

Compare scores with friends on all Sporcle quizzes.
OR
Log In

Show Comments

Extras

Top Quizzes Today


Score Distribution

Your Account Isn't Verified!

In order to create a playlist on Sporcle, you need to verify the email address you used during registration. Go to your Sporcle Settings to finish the process.

Report this User

Report this user for behavior that violates our Community Guidelines.

Details: